<?xml version="1.0" encoding="UTF-8"?>
<collection xmlns="http://www.loc.gov/MARC21/slim">
<record>
  <controlfield tag="001">169970</controlfield>
  <controlfield tag="005">20260316092629.0</controlfield>
  <datafield tag="024" ind1="7" ind2=" ">
    <subfield code="2">doi</subfield>
    <subfield code="a">10.12795/ppa.2025.i33.07</subfield>
  </datafield>
  <datafield tag="024" ind1="8" ind2=" ">
    <subfield code="2">sideral</subfield>
    <subfield code="a">148077</subfield>
  </datafield>
  <datafield tag="037" ind1=" " ind2=" ">
    <subfield code="a">ART-2025-148077</subfield>
  </datafield>
  <datafield tag="041" ind1=" " ind2=" ">
    <subfield code="a">spa</subfield>
  </datafield>
  <datafield tag="100" ind1=" " ind2=" ">
    <subfield code="a">Sanz García, Cecilia</subfield>
  </datafield>
  <datafield tag="245" ind1=" " ind2=" ">
    <subfield code="a">Un paisaje de regadío en riesgo: La huerta periurbana del Ebro aguas abajo de Zaragoza=An irrigated landscape at risk: the peri-urban huerta of the Ebro downstream from Zaragoza</subfield>
  </datafield>
  <datafield tag="260" ind1=" " ind2=" ">
    <subfield code="c">2025</subfield>
  </datafield>
  <datafield tag="520" ind1="3" ind2=" ">
    <subfield code="a">El presente artículo, enmarcado en una investigación más amplia sobre el área periurbana que se extiende aguas abajo del Ebro a su paso por Zaragoza, analiza algunas de las transformaciones experimentadas en las últimas décadas por la huerta de esta ciudad. Su ubicación privilegiada en la confluencia de los ríos Ebro, Huerva y Gállego favoreció, desde la época islámica, el desarrollo de una intensa actividad agrícola basada en una compleja red de acequias que configuraron un paisaje periurbano característico, con núcleos rurales, sistemas viarios y “torres” de labor. Sin embargo, este valioso patrimonio eco-cultural se encuentra amenazado actualmente por la fragmentación y el declive, consecuencias directas de la expansión urbana descontrolada y la depreciación de las funciones agropecuarias. Esta investigación aborda el estudio del mencionado ámbito desde una doble perspectiva. Primero, poniendo en valor la condición de patrimonio cultural de este paisaje de regadío mediante la recuperación de la abundante documentación (relatos de viajeros, dibujos, fotografías) que confirma su significado histórico. Segundo, a partir de un análisis cartográfico comparado, identificando algunos cambios experimentados en el área de estudio que evidencian tanto los riesgos de degradación como el potencial de la huerta periurbana como recurso socioeconómico y ambiental. Finalmente, se presenta un mapa interactivo como contribución operativa.</subfield>
  </datafield>
  <datafield tag="506" ind1="0" ind2=" ">
    <subfield code="a">Access copy available to the general public</subfield>
    <subfield code="f">Unrestricted</subfield>
  </datafield>
  <datafield tag="536" ind1=" " ind2=" ">
    <subfield code="9">info:eu-repo/grantAgreement/ES/MICINN PID2020-116893RB-I00</subfield>
  </datafield>
  <datafield tag="540" ind1=" " ind2=" ">
    <subfield code="9">info:eu-repo/semantics/openAccess</subfield>
    <subfield code="a">by-nc-sa</subfield>
    <subfield code="u">https://creativecommons.org/licenses/by-nc-sa/4.0/deed.es</subfield>
  </datafield>
  <datafield tag="655" ind1=" " ind2="4">
    <subfield code="a">info:eu-repo/semantics/review</subfield>
    <subfield code="v">info:eu-repo/semantics/publishedVersion</subfield>
  </datafield>
  <datafield tag="700" ind1=" " ind2=" ">
    <subfield code="a">Díez Medina, Carmen</subfield>
    <subfield code="u">Universidad de Zaragoza</subfield>
    <subfield code="0">(orcid)0000-0002-3145-377X</subfield>
  </datafield>
  <datafield tag="700" ind1=" " ind2=" ">
    <subfield code="a">Monclús Fraga, Javier</subfield>
    <subfield code="u">Universidad de Zaragoza</subfield>
    <subfield code="0">(orcid)0000-0002-1950-3084</subfield>
  </datafield>
  <datafield tag="710" ind1="2" ind2=" ">
    <subfield code="1">5015</subfield>
    <subfield code="2">100</subfield>
    <subfield code="a">Universidad de Zaragoza</subfield>
    <subfield code="b">Dpto. Arquitectura</subfield>
    <subfield code="c">Área Composición Arquitectónic</subfield>
  </datafield>
  <datafield tag="710" ind1="2" ind2=" ">
    <subfield code="1">5015</subfield>
    <subfield code="2">815</subfield>
    <subfield code="a">Universidad de Zaragoza</subfield>
    <subfield code="b">Dpto. Arquitectura</subfield>
    <subfield code="c">Área Urbanística y Ord.Territ.</subfield>
  </datafield>
  <datafield tag="773" ind1=" " ind2=" ">
    <subfield code="g">33 (2025), 120-139</subfield>
    <subfield code="t">Revista Proyecto, Progreso, Arquitectura</subfield>
    <subfield code="x">2171-6897</subfield>
  </datafield>
  <datafield tag="856" ind1="4" ind2=" ">
    <subfield code="s">8254565</subfield>
    <subfield code="u">http://zaguan.unizar.es/record/169970/files/texto_completo.pdf</subfield>
    <subfield code="y">Versión publicada</subfield>
  </datafield>
  <datafield tag="856" ind1="4" ind2=" ">
    <subfield code="s">3572717</subfield>
    <subfield code="u">http://zaguan.unizar.es/record/169970/files/texto_completo.jpg?subformat=icon</subfield>
    <subfield code="x">icon</subfield>
    <subfield code="y">Versión publicada</subfield>
  </datafield>
  <datafield tag="909" ind1="C" ind2="O">
    <subfield code="o">oai:zaguan.unizar.es:169970</subfield>
    <subfield code="p">articulos</subfield>
    <subfield code="p">driver</subfield>
  </datafield>
  <datafield tag="951" ind1=" " ind2=" ">
    <subfield code="a">2026-03-16-08:15:58</subfield>
  </datafield>
  <datafield tag="980" ind1=" " ind2=" ">
    <subfield code="a">ARTICLE</subfield>
  </datafield>
</record>
</collection>